| 000 | 004810000a22001810004500 | ||
|---|---|---|---|
| 041 | 0 | _aSPA | |
| 082 | 0 | 4 | _aG 230 S5724t |
| 100 | 1 | _aSierra Díaz, Arcadio | |
| 245 | 1 | 0 | _aLexicón Teofilolingüístico / Arcadio Sierra Díaz |
| 260 | _aBogotá, Colombia : Cristianas | ||
| 300 | _a296 Pag | ||
| 650 | 1 | 4 | _aTEOLOGIA - DICCIONARIOS |
| 001 | 8203 | ||
| 942 | _cBK | ||
| 999 |
_c38393 _d38393 |
||
| 336 |
_atexto _btxt _2rdacontent |
||
| 337 |
_2rdamedia _asin mediación _bn |
||
| 338 |
_2rdacarrier _avolumen _bnc |
||